Peer Gynt : a dramativc poem in five acts /

Bibliographic Details
Main Author: Ibsen, Henrik, 1828-1906
Format: Book
Language:English
Norwegian
Published: New York : Philosophical Library, [1955]

MARC

Tag First Indicator Second Indicator Subfields
LEADER 00000cam a2200000 4500
001 in00000021693
005 20151007063709.0
008 740806s1955 nyu 00000 eng u
010 |a  55013634  
035 |a (OCoLC)00972733 
035 |9 AAD8026AM 
040 |c HIR  |d TXA  |d UtOrBLW 
041 1 |a eng  |a nor 
049 |a TXAM  |c [263056] 
050 0 |a PT8876  |b .A365 
082 0 |a 839.8226 
092 |a 839.8226  |b I14p, 1955 
100 1 |a Ibsen, Henrik,  |d 1828-1906. 
245 1 0 |a Peer Gynt :  |b a dramativc poem in five acts /  |c A new translation by Horace Maynard Finney. 
264 1 |a New York :  |b Philosophical Library,  |c [1955] 
264 4 |c [©1955] 
300 |a x, 197 pages ;  |c 23 cm. 
336 |a text  |b txt  |2 rdacontent 
337 |a unmediated  |b n  |2 rdamedia 
338 |a volume  |b nc  |2 rdacarrier 
999 |a MARS 
999 f f |s 1b195a6c-1746-313f-8515-770037e5ca0e  |i 25f540fb-03b8-38a8-bbfc-dcd397d092ce  |t 0 
952 f f |p normal  |a Texas A&M University  |b College Station  |c Sterling C. Evans Library  |d Evans: Library Stacks  |t 0  |e PT8876 .A365  |h Library of Congress classification  |i unmediated -- volume  |m A14801361294 
998 f f |a PT8876 .A365  |t 0  |l Evans: Library Stacks